000
00238 a2200109 4500
001
44125
040
_c
Anchieta - Aquarius
240
1
0
_a
Museu virtual dos felinos
_l
245
1
0
_a
Museu virtual dos felinos
650
4
_a
Música
942
_c
MU
999
_c
44125
_d
44125